000 00362nam a2200145Ia 4500
008 230917s9999||||xx |||||||||||||| ||und||
040 _e105735
_aMAIN
041 _aEnglish
082 _a157.9 H349H
100 _aMarks, David F, ed.
245 0 _aHealth Psychology Reader
260 _aLondon
_bSage Publications
_c2002
300 _axi,388p p.
942 _cBK
999 _c118769
_d118769